Представление документа в формате RUSMARC

ПолеНазваниеЗначение
  Тип записи a
  Библиографический уровень m
001 Контрольный номер RU/CBS_UL/BASE/920aa21f5f624a0fbc0d0354c0f6bf39
005 Дата корректировки 20251110142940.8
010 Индекс ISBN __
a ISBN 5-01-001004-6
d Цена 60 к.
9 Тираж 80 000 экз.
100 Данные общей обработки __
a Данные общей обработки 20251110d 0rusy0189## ca
101 Язык документа 0_
a Язык текста rus
102 Страна публикации __
a Страна публикации RU
200 Заглавие и сведения об ответственности 1_
a Заглавие Разыскиваются...
e Сведения, относящиеся к заглавию о подрывной деятельности украинских националистов
f Первые сведения об ответственности Т. Ржезач, В. И. Цуркан
210 Выходные данные 1_
a Место издания Москва
c Издательство Прогресс
d Дата издания 1988
215 Физическое описание __
a Объем 326, [2] с.
d Формат 17 см.
300 Общие примечания __
a Общие примечания 16+
300 Общие примечания __
a Общие примечания Под инв. номером 28147: 5-1
606 Тематические рубрики 0_
a Основная рубрика Разведка и контрразведка - История
610 Ключевые слова 0_
a Ключевые слова история Украины; националисты украинские; деятельность подрывная; разведка
686 Индексы других классификаций __
2 Код системы rubbk
a Классификационный индекс 63.3(4Укр)
700 Автор _1
a Фамилия Ржезач
b Имя (инициалы) Т.
g Полное личное имя Томаш
701 Альтернативная интеллектуальная ответственность _1
a Фамилия Цуркан
b Имя (инициалы) В. И.
g Полное личное имя Валентин Иванович
801 Источник записи _0
a Страна RU
b Организация МБУК ЦБС г. Ульяновска
c Дата составления 20251110
g Правила каталогизации RCR
801 Источник записи _1
a Страна RU
b Организация МБУК ЦБС г. Ульяновска
c Дата составления 20251110
g Правила каталогизации RCR
852 Данные о местонахождении __
i Авторский знак Р 48
j Шифр хранения 63.3(4)
901 Тип документа __
t Тип документа m
909 Создатель записи __
a Создатель записи obr3
b Дата создания записи 20251110